Najwyżej punktowane państwa w Scrabble - Statystyki

Ogólne statystyki
  • Ten quiz został rozwiązany 3 833 razy
    1 801 od ostatniego zresetowania
  • Średni wynik to 6 z 10
Statystyki odpowiedzi
Punkty Kontynent Państwo % Poprawnych
19 Europa Liechtenstein
84%
21 Europa Luksemburg
79%
20 Azja Tadżykistan
75%
18 Azja Turkmenistan
68%
18 Europa Białoruś
62%
17 Europa Czarnogóra
61%
20 Azja Azerbejdżan
60%
17 Azja Afganistan
57%
17 Europa Portugalia
57%
17 Afryka Dżibuti
33%
Nie znaleziono quizów pasujących do podanych kryteriów
Rozkład punktacji
Procent ludzi z każdym wynikiem
Percentyl według liczby udzielonych odpowiedzi
Twoja historia wyników
Nie rozwiązałeś tego quizu od ostatniego zresetowania